01206 2200385 4500001002100000005001500021035002000036007000300056040001700059100002700076245013600103250001100239300003500250504002900285041000800314082001100322084001700333090002500350264003500375336002100410337003000431338002300461650002000484700004300504700004300547700004000590850001000630008004100640020001800681500002900699990002300728990002300751990002300774990002300797INLIS00000000000494920260516083320 a0010-0222000039ta aSBPUPADbeng0 aAlwi AlatasePengarang1 aSang Penakluk Andalusia :bTariq ibn Ziyad dan Musa ibn Nusayr /cAlwi Alatas; Editor : Nurul Hidayati, Luthfi Yansyah, Ahmad Fahri aCet. 1 a160 Hal. :billus. ;c12x19 cm abibliografi, hlm 155-157 aeng a2x9.14 a2x9.14 ALW a a300.598.13 SYA b 6-4 aJakarta :bZikrul Hakim,c2007 2rdacontentaTeks 2rdamediaaTanpa Perantara 2rdacarrieraVolume 4aCerita Motivasi aEditor ke-1, Nurul HidayatiePengarang aEditor ke-2, Luthfi YansyahePengarang aEditor ke-3, Ahmad FahriePengarang aPUPAD260516 0  a979-26-2250-0 aProfile Penulis, hlm 158 a17358/Br/KAPD/2012 a17359/Br/KAPD/2012 a17357/Br/KAPD/2012 a17360/Br/KAPD/2012